Obálka Náhled e-knihy:
PDF Epub
Pro půjčování e-knih musíte být přihlášeni.
Jak si půjčit online?

Bivoj válečník /

Kněžna Libuše ani její sestry Kazi a Teta nechtějí v těchto zlých časech nechat své soukmenovce v područí nájezdníků, a přestože se jim staví do cesty řada překážek včetně mocných kouzel, plánují odvetu. Potřebují pomoc a ta se jim naskytne v osobě Bivoje ze Strošovců, který v jejich jménu jede požá...

Celý popis

Uloženo v:
Série:Bivoj, část 2
Hlavní autor: Červenák, Juraj, 1974- (Autor)
Médium: E-kniha
Jazyk:Czech
Vydáno: Praha : Brokilon, 2008
Vydání:Vyd. 1.
Témata:
Příbuzné jednotky:Z cyklu:: Bivoj
Tagy:
Žádné tagy
LEADER 02391cam a2200373 a 4500
001 291867
003 CZ PrSKC
005 20260407070736.0
007 ta
008 081205s2008 xr g 000 f cze d
015 |a cnb001831397 
020 |a 9788086309248  |q (brož.) :  |c Kč 248,00 
035 |a (OCoLC)320206669 
040 |a KLG001  |b cze  |d OLA001 
072 7 |a 821.162.3-3  |x Česká próza  |2 Konspekt 
080 |a 821.162.3-31  |2 MRF 
080 |a (0:82-312.9)  |2 MRF 
100 1 |a Červenák, Juraj,  |d 1974-  |7 xx0013108  |4 aut 
245 1 0 |a Bivoj válečník /  |c Juraj Červenák 
250 |a Vyd. 1. 
260 |a Praha :  |b Brokilon,  |c 2008 
300 |a 355 s. ;  |c 18 cm 
520 2 |a Kněžna Libuše ani její sestry Kazi a Teta nechtějí v těchto zlých časech nechat své soukmenovce v područí nájezdníků, a přestože se jim staví do cesty řada překážek včetně mocných kouzel, plánují odvetu. Potřebují pomoc a ta se jim naskytne v osobě Bivoje ze Strošovců, který v jejich jménu jede požádat o pomoc mocného knížete Lemuzu, čaroděje Přemysla. Cesta na sever je nebezpečná a plná nástrah, nepřátelé, chystající útok na jedno z posledních svobodných hradišť v Levém Hradci, potřebují Bivoje za každou cenu zastavit, protože pomoc ze severu by byla pro jejich plány osudná. Statečný Bivoj ale nezklame očekávání své panovnice a nejen silou, ale i chytrostí zákeřné intriky překoná. 
520 2 |a Závěr fantasy románu situovaného do doby, kdy Slované podlehli nájezdům Avarů a Zličané pod vedením kočovnických velitelů obsadili Libušín, Budeč a mnoho dalších hradišť, jejichž obyvatelé měli jen malou naději na záchranu. 
655 7 |a české romány  |7 fd133974  |2 czenas 
655 7 |a fantasy romány  |7 fd184199  |2 czenas 
655 9 |a Czech fiction  |2 eczenas 
655 9 |a fantasy novels  |2 eczenas 
787 0 8 |i Z cyklu:  |t Bivoj  |g 2 
900 |a ABA001  |b 17 
044 |a xr 
910 |a RBIT002 
998 |d 171  |a https://core.palmknihy.cz/api/books/171/cover?vquug3  |b https://core.palmknihy.cz/api/books/171/cover/400?3h4zfg  |c https://core.palmknihy.cz/api/books/171/cover/50?791nyw  |e   |g 355  |i 9788086309248  |j https://core.palmknihy.cz/api/books/171/preview.epub  |k https://core.palmknihy.cz/api/books/171/preview.pdf  |l   |q 49  |r 1  |s https://www.palmknihy.cz/kniha/171  |t ebook  |y 2008  |z 0  |v Bivoj  |w 2 
999 |d 291865